书目信息 |
| 题名: |
工程机械概论
|
|
| 作者: | 王进 主编 | |
| 分册: | ||
| 出版信息: | 北京 人民交通出版社 2011 |
|
| 页数: | 292页 | |
| 开本: | 26cm | |
| 丛书名: | ||
| 单 册: | ||
| 中图分类: | TU6 | |
| 科图分类: | ||
| 主题词: | 工程机械--高等学校--教材 | |
| 电子资源: | ||
| ISBN: | 978-7-114-08465-2 | |
| 000 | 01101nam0 2200277 450 | |
| 001 | 012015000753 | |
| 005 | 20150911083543.93 | |
| 010 | @a978-7-114-08465-2@dCNY36.00 | |
| 100 | @a20150620d2011 em y0chiy50 ea | |
| 101 | 0 | @achi |
| 102 | @aCN@b110000 | |
| 105 | @ay z 000yy | |
| 106 | @ar | |
| 200 | 1 | @a工程机械概论@Agong cheng ji xie gai lun@f王进主编 |
| 205 | @a2版 | |
| 210 | @a北京@c人民交通出版社@d2011 | |
| 215 | @a292页@c图@d26cm | |
| 300 | @a普通高等教育“十一五”国家级规划教材 21世纪交通版高等学校教材 | |
| 312 | @a封面英文题名:Introduction to construction machinery | |
| 330 | @a本书共11章,介绍了目前在公路和建筑工程中广泛使用的各种新型工程机械的基本构造、工作原理、主要性能、应用范围和选用方法。内容包括工程机械基础知识、工程机械动力装置、挖掘机械、铲土运输机械、压实机械、混凝土机械、路面机械、桩工机械、起重机械、钢筋及预应力机械和装修机械。 | |
| 510 | 1 | @aIntroduction to construction machinery@zeng |
| 606 | 0 | @a工程机械@x高等学校@j教材 |
| 690 | @aTU6@v5 | |
| 701 | 0 | @a王进@Awang jin@4主编 |
| 801 | 0 | @aCN@b碧洲教育@c20150718 |
| 905 | @a10447@f4@dTU6@e686=2 | |
| 工程机械概论/王进主编.-2版.-北京:人民交通出版社,2011 |
| 292页:图;26cm |
| 普通高等教育“十一五”国家级规划教材 21世纪交通版高等学校教材 |
| ISBN 978-7-114-08465-2:CNY36.00 |
| 本书共11章,介绍了目前在公路和建筑工程中广泛使用的各种新型工程机械的基本构造、工作原理、主要性能、应用范围和选用方法。内容包括工程机械基础知识、工程机械动力装置、挖掘机械、铲土运输机械、压实机械、混凝土机械、路面机械、桩工机械、起重机械、钢筋及预应力机械和装修机械。 |
| ● |
| 相关链接 |
|
|
|
|
正题名:工程机械概论
索取号:TU6/686=2
 
预约/预借
| 序号 | 登录号 | 条形码 | 馆藏地/架位号 | 状态 | 备注 |
| 1 | 0848164 | 208481640 | 第二样本阅览室/ [索取号:TU6/686=2] | 在馆 | |
| 2 | 0848165 | 208481659 | 第三借阅区/ [索取号:TU6/686=2] | 在馆 | |
| 3 | 0848166 | 208481668 | 第三借阅区/ [索取号:TU6/686=2] | 在馆 | |
| 4 | 0848167 | 208481677 | 第三借阅区/ [索取号:TU6/686=2] | 在馆 |